| 000 | 00436nam a22001697a 4500 | ||
|---|---|---|---|
| 003 | OSt | ||
| 008 | 250801b |||||||| |||| 00| 0 eng d | ||
| 020 | _a9780140444254 | ||
| 082 | _a882 SOT | ||
| 100 | _aSOPHOCLES | ||
| 245 | _aThree Theban Plays: Antigone; Oedipus the King; Oedipus at Colonus | ||
| 250 | _aReprint, | ||
| 260 |
_aNew York, _bPenguin Classics, _c1984, |
||
| 300 | _a430 p. | ||
| 650 | _aEnglish, | ||
| 942 |
_2ddc _cBK |
||
| 999 |
_c13688 _d13688 |
||